<?xml version="1.0" encoding="UTF-8"?>
<record
    xmlns:xsi="http://www.w3.org/2001/XMLSchema-instance"
    xsi:schemaLocation="http://www.loc.gov/MARC21/slim http://www.loc.gov/standards/marcxml/schema/MARC21slim.xsd"
    xmlns="http://www.loc.gov/MARC21/slim">

  <leader>00191nam a2200085   4500</leader>
  <controlfield tag="001">1256660</controlfield>
  <controlfield tag="005">20260102113252.0</controlfield>
  <datafield tag="245" ind1=" " ind2=" ">
    <subfield code="a">&#x130;ST&#x130;KLAL YOLU</subfield>
    <subfield code="c">RAMAZAN YA&#x130;N G&#xDC;NEY</subfield>
  </datafield>
  <datafield tag="260" ind1=" " ind2=" ">
    <subfield code="b">ATLI KARINCA</subfield>
  </datafield>
  <datafield tag="999" ind1=" " ind2=" ">
    <subfield code="c">1256660</subfield>
    <subfield code="d">1256660</subfield>
  </datafield>
  <datafield tag="952" ind1=" " ind2=" ">
    <subfield code="0">0</subfield>
    <subfield code="1">0</subfield>
    <subfield code="2">ddc</subfield>
    <subfield code="4">0</subfield>
    <subfield code="7">0</subfield>
    <subfield code="a">1031</subfield>
    <subfield code="b">1031</subfield>
    <subfield code="d">2026-01-02</subfield>
    <subfield code="l">0</subfield>
    <subfield code="p">10317567</subfield>
    <subfield code="r">2026-01-02 11:32:56</subfield>
    <subfield code="w">2026-01-02</subfield>
    <subfield code="y">BK</subfield>
  </datafield>
</record>
